000
00292nam a2200121 a 4500
001
000002417
005
20200929150208.0
008
090702s2002 000 spa d
020
_a
8489384371
245
0
_a
Infancias soƱadas y otros ensayos.
260
_a
Madrid,
_c
2002.
999
_c
2253
_d
2253
040
_a
DO-SdBNP